000 01512nam a2200265 u 4500
001 000507938
003 AM-YeHGA
005 20250618072709.0
008 061109s1960 ai | |||||||||||||arm|d
040 _aAM-YeHGA
041 1 _aarm
_brus
245 0 0 _aՍովետական Հայաստանի 40 տարին :
_b[Լուսանկարների ալբոմ] /
_cԿազմ.՝ Ս.Մ. Մանասյան, Մ.Կ. Մարտիկյան; Խմբ.՝ Հ.Պ. Աղասարյան, Գ.Գ. Բալասանյան; Նկ.՝ Ան.Վ. Գասպարյան, Ս.Շ. Ստեփանյան; Լուսանկ.՝ Վ. Ամալյան և ուրիշն.
246 1 1 _a40 лет Советской Армении
260 _aԵրևան :
_bՀայպետհրատ,
_c1960.
300 _a350 էջ :
_bլուսանկ. ;
_c33 սմ.
546 _aՏեքստը զուգ.՝ հայ. և ռուս.
650 1 4 _aՔաղաքական, տնտեսական և մշակութային կյանքը առանձին տարածքներում և երկրներում
_zՍովետական Հայաստան
700 1 _aՄանասյան, Ս.Մ
_eկազմ.
_4com
700 1 _aՄարտիկյան, Մ.Կ
_eկազմ.
_4com
700 1 _aԱղասարյան, Հ.Պ.
_eխմբ.
_4edt
700 1 _aԲալասանյան, Գրիգոր Գրիգորի,
_d1919-2003
_eխմբ.
_4edt
_91913
700 1 _aԳասպարյան, Անուշավան Վարդանի,
_d1914-1986
_eնկ.
_4art
_93012
700 1 _aՍտեփանյան, Սուրեն Շավարշի,
_d1915-1977
_eնկ.
_4art
_91781
090 _c190022
999 _c188554
_d188554